| 000 | 00521nam a22001817a 4500 | ||
|---|---|---|---|
| 003 | CEME | ||
| 005 | 20210628205736.0 | ||
| 008 | 210215b xxu||||| |||| 00| 0 eng d | ||
| 020 | _a0-07-882221-1 | ||
| 040 | _c. | ||
| 082 | _a005.44 SHE | ||
| 100 |
_aSheldon, Tom _962734 |
||
| 245 | _aThe windows nt web server handbook | ||
| 260 |
_aNEWYORK _bOSBORNE MCGRAW HILL _c1996 |
||
| 300 | _a552P | ||
| 650 |
_aWINDOWS NT WEB SERVER HANDBOOK WEB SERVER HANDBOOK-WINDOWS NT TCP-IP PROTOCOL SUITE _976899 |
||
| 942 |
_cBK _2ddc |
||
| 999 |
_c582208 _d582208 |
||